| 000 | 00379nam a22001217a 4500 | ||
|---|---|---|---|
| 082 | _a801.956 RAS | ||
| 100 | _aHameed, Rashid افتخار عارف. | ||
| 245 |
_aFaiz Banaam Iftikhar Arif فیض بنام افتخار عارف / _cEdited by Rashid Hameed |
||
| 260 |
_aLahore: _bSang-e-meel Publications, _c2011. |
||
| 300 | _a239p. | ||
| 563 | _aHB | ||
| 942 |
_2ddc _cBK |
||
| 999 |
_c590783 _d590783 |
||